Time and the other : how anthropology makes its object

Αποθηκεύτηκε σε:
Λεπτομέρειες βιβλιογραφικής εγγραφής
Κύριος συγγραφέας: Fabian, Johannes
Μορφή: Βιβλίο
Γλώσσα:English
Δημοσίευση: New York : Columbia University Press, c1983.
Θέματα:
Ετικέτες: Προσθήκη ετικέτας
Δεν υπάρχουν, Καταχωρήστε ετικέτα πρώτοι!

MARC

LEADER 00000cam a2200000 i 4500
001 1/84453
008 970304s1983 nyu| ||| |||| ||eng d
020 |a 0231055919  
035 |l 10006031 
040 |a GR-MY-UA  |b gre  |e aacr 
041 0 |a eng 
082 0 |a 306.01  
100 1 |a Fabian, Johannes. 
245 1 0 |a Time and the other :   |b how anthropology makes its object /   |c Joannes Fabian.  
260 |a New York :   |b Columbia University Press,   |c c1983.  
650 0 0 |a Anthropology  |x Philosophy. 
650 0 0 |a Time. 
852 |a INST  |b LESVOS  |e 19970304  |h 306.01 FAB  |p 005100025355  |q 005100025355  |t BK  |y 12 
852 |a INST  |b LESVOS  |e 20221216  |h 306.01 FAB  |p 005100064052  |q 005100064052  |t BK  |y 0